000 00288nam a22001337a 4500
008 170602b xxu||||| |||| 00| 0 eng d
020 _a9781557502162
041 _aeng
080 _a94
100 _a18
101 _aSHH
245 _aTHE SEA WAR IN KOREA
_cCAGLE,M.W
942 _2udc
_cBK
999 _c15817
_d15817